[Event "Titled Tuesday intern op 14th Mar Late"]
[Site "Chess.com INT"]
[Date "2023.03.14"]
[Round "8"]
[White "Chor, Kevin"]
[Black "Garrido Dominguez, Jesus"]
[Result "0-1"]
[WhiteElo "1944"]
[BlackElo "2414"]
[PlyCount "120"]
[EventDate "2023.03.14"]
[EventType "swiss (blitz)"]
[EventRounds "11"]
[EventCountry "USA"]
[SourceTitle "EXT 2024"]
[Source "ChessBase"]
[SourceDate "2023.10.10"]
[SourceVersion "1"]
[SourceVersionDate "2023.10.10"]
[SourceQuality "1"]

1. Nf3 d6 2. e4 Nf6 3. Nc3 e5 4. d4 Nbd7 5. Bc4 Be7 6. 0-0 0-0 7. Qe2 c6 8. Rd1 exd4 9. Nxd4 Nc5 10. e5 Ng4 11. e6 Ne5 12. exf7+ Kh8 13. Bf4 Nxc4 14. Qxc4 d5 15. Qe2 Rxf7 16. Bg3 Bf6 17. Nb3 Nxb3 18. axb3 Qf8 19. Na4 Bf5 20. Re1 Re7 21. Qd2 Rxe1+ 22. Rxe1 Re8 23. Bd6 Qf7 24. c3 h6 25. h3 Rxe1+ 26. Qxe1 Bc2 27. Nc5 b6 28. Qd2 Qg6 29. Nd7 Bxb3 30. Nxf6 Qxf6 31. Bg3 c5 32. Qe3 d4 33. Qe8+ Bg8 34. Be5 Qe6 35. Qxe6 Bxe6 36. cxd4 c4 37. Kf1 Bd5 38. g3 b5 39. Ke2 b4 40. Bd6 a5 41. Kd2 Kg8 42. Bc7 a4 43. Bd6 c3+ 44. bxc3 a3 45. Kc1 a2 46. Kb2 bxc3+ 47. Ka1 c2 48. Bf4 Kf7 49. h4 Ke6 50. Be3 Bb3 51. Kb2 Kd5 52. Ka1 Ke4 53. Kb2 Kd3 54. Ka1 h5 55. Kb2 Ke2 56. Ka1 Kd1 57. Kb2 Bd5 58. Bf4 a1Q+ 59. Kxa1 c1Q+ 60. Bxc1 Kxc1 0-1

[Event "Titled Tuesday intern op 14th Mar Late"]
[Site "Chess.com INT"]
[Date "2023.03.14"]
[Round "5"]
[White "Garrido Dominguez, Jesus"]
[Black "Bogaudinov, Rushan"]
[Result "1-0"]
[WhiteElo "2414"]
[BlackElo "1939"]
[PlyCount "103"]
[EventDate "2023.03.14"]
[EventType "swiss (blitz)"]
[EventRounds "11"]
[EventCountry "USA"]
[SourceTitle "EXT 2024"]
[Source "ChessBase"]
[SourceDate "2023.10.10"]
[SourceVersion "1"]
[SourceVersionDate "2023.10.10"]
[SourceQuality "1"]

1. e4 a6 2. d4 e6 3. Nc3 b5 4. Bd3 Bb7 5. Nf3 d6 6. 0-0 Be7 7. Re1 Nf6 8. a3 c5 9. e5 dxe5 10. dxe5 Nd5 11. Ne4 c4 12. Bf1 Nc6 13. Qe2 Qc7 14. Ng3 h5 15. h4 Bc5 16. a4 Nd4 17. Nxd4 Bxd4 18. axb5 axb5 19. Rxa8+ Bxa8 20. Nxh5 Bxe5 21. Qxe5 Qxe5 22. Rxe5 g6 23. Nf4 Rxh4 24. Nxd5 Bxd5 25. c3 f6 26. Re1 g5 27. f3 e5 28. g3 Rh7 29. Bg2 Rg7 30. Kf2 Ke7 31. Be3 Ke6 32. Ra1 Rb7 33. Ra6+ Kf5 34. g4+ Kg6 35. f4 Bxg2 36. f5+ Kf7 37. Kxg2 b4 38. Rb6 Rd7 39. Rxb4 Rd3 40. Kf3 Rd1 41. Rxc4 Rf1+ 42. Ke4 Ke7 43. Rc6 Rb1 44. b4 Rb2 45. Bc5+ Kf7 46. Rc7+ Kg8 47. Kd5 Rg2 48. Ke6 Rxg4 49. Kxf6 Rc4 50. Kg6 Rxc5 51. Rxc5 g4 52. Rc8# 1-0

[Event "Titled Tuesday intern op 14th Mar Late"]
[Site "Chess.com INT"]
[Date "2023.03.14"]
[Round "11"]
[White "Kozak, Adam"]
[Black "Garrido Dominguez, Jesus"]
[Result "1-0"]
[WhiteElo "2552"]
[BlackElo "2414"]
[PlyCount "43"]
[EventDate "2023.03.14"]
[EventType "swiss (blitz)"]
[EventRounds "11"]
[EventCountry "USA"]
[SourceTitle "EXT 2024"]
[Source "ChessBase"]
[SourceDate "2023.10.10"]
[SourceVersion "1"]
[SourceVersionDate "2023.10.10"]
[SourceQuality "1"]

1. e4 d6 2. d4 Nf6 3. Nc3 e5 4. Nge2 Be7 5. h3 0-0 6. Be3 d5 7. dxe5 Nxe4 8. Qxd5 Nxc3 9. Nxc3 Nc6 10. 0-0-0 Be6 11. Qxd8 Raxd8 12. Rxd8 Rxd8 13. f4 Bb4 14. a3 Bxc3 15. bxc3 b6 16. Bd3 Ne7 17. g4 Bd5 18. Re1 Bg2 19. Rg1 Bb7 20. c4 Nc6 21. Rd1 Na5 22. Bxh7+ 1-0

[Event "Titled Tuesday intern op 14th Mar Late"]
[Site "Chess.com INT"]
[Date "2023.03.14"]
[Round "10"]
[White "Mirzoev, Azer"]
[Black "Garrido Dominguez, Jesus"]
[Result "0-1"]
[WhiteElo "2437"]
[BlackElo "2414"]
[PlyCount "114"]
[EventDate "2023.03.14"]
[EventType "swiss (blitz)"]
[EventRounds "11"]
[EventCountry "USA"]
[SourceTitle "EXT 2024"]
[Source "ChessBase"]
[SourceDate "2023.10.10"]
[SourceVersion "1"]
[SourceVersionDate "2023.10.10"]
[SourceQuality "1"]

1. d4 Nf6 2. Nf3 e6 3. c4 b6 4. Nc3 Bb7 5. Bg5 Be7 6. e3 d6 7. Qc2 Nbd7 8. Be2 h6 9. Bh4 e5 10. 0-0-0 Qc8 11. Rhe1 0-0 12. Kb1 Re8 13. a3 a6 14. Ka1 Bd8 15. h3 Nf8 16. dxe5 dxe5 17. Bg3 e4 18. Nd4 Ng6 19. c5 bxc5 20. Nb3 Be7 21. Na4 Bd5 22. Nbxc5 Qf5 23. Rc1 Ne5 24. Red1 a5 25. Nc3 Bc6 26. Nb5 Nd3 27. Nxd3 Bxb5 28. Nf4 Bxe2 29. Nxe2 c5 30. Nc3 Rad8 31. Qa4 Rd3 32. Qxa5 Nh5 33. Qb5 Red8 34. Rxd3 exd3 35. Bc7 Rc8 36. g4 Qe6 37. Bh2 d2 38. Rd1 Rd8 39. gxh5 Bf6 40. Qxc5 Qb3 41. Be5 Rb8 42. Bxb8 Bxc3 43. Qc8+ Kh7 44. Qf5+ Kg8 45. Rxd2 Bxd2 46. Qc8+ Kh7 47. Qf5+ Kg8 48. Be5 Qc4 49. Bd4 Qc1+ 50. Qb1 Qc4 51. Qd1 Ba5 52. Kb1 Qd5 53. Qg4 Qh1+ 54. Ka2 Qd5+ 55. Kb1 f6 56. Qg6 Qh1+ 57. Kc2 Qc6+ 0-1

[Event "EU-Cup Online Gr-E"]
[Site "Tornelo INT"]
[Date "2021.03.27"]
[Round "4.3"]
[White "Durarbayli, Vasif"]
[Black "Garrido Dominguez, Jesus"]
[Result "1-0"]
[WhiteElo "2606"]
[BlackElo "2413"]
[PlyCount "49"]
[EventDate "2021.03.27"]
[EventType "team-tourn (rapid)"]
[EventRounds "9"]
[EventCountry "NET"]
[SourceTitle "CBM 201 Extra"]
[Source "ChessBase"]
[SourceDate "2021.05.31"]
[SourceVersion "1"]
[SourceVersionDate "2021.05.31"]
[SourceQuality "1"]
[WhiteTeam "Odlar Yurdu"]
[BlackTeam "Villalba 64 Miscasa"]
[WhiteTeamCountry "AZE"]
[BlackTeamCountry "ESP"]

1. e4 d6 2. d4 Nf6 3. Nc3 e5 4. Nf3 Nbd7 5. h3 Be7 6. Be3 c6 7. g4 exd4 8. Nxd4 Nc5 9. Bg2 Qa5 10. 0-0 g6 11. Nb3 Nxb3 12. axb3 Qc7 13. f4 a6 14. Bd4 0-0 15. f5 g5 16. h4 h6 17. hxg5 hxg5 18. Qd2 Nh7 19. f6 Bd8 20. Rf3 Re8 21. Rh3 Re5 22. Bxe5 dxe5 23. Rxh7 Qb6+ 24. Kh1 Kxh7 25. Qxg5 1-0

[Event "NED-chT 1920"]
[Site "Netherlands"]
[Date "2020.02.01"]
[Round "5.8"]
[White "Garrido Dominguez, Jesus"]
[Black "Maatman, Nick"]
[Result "1-0"]
[WhiteElo "2404"]
[BlackElo "2404"]
[PlyCount "63"]
[EventDate "2019.09.28"]
[EventType "team-tourn"]
[EventRounds "9"]
[EventCountry "NED"]
[SourceTitle "CBM 195 Extra"]
[Source "ChessBase"]
[SourceDate "2020.05.31"]
[SourceVersion "1"]
[SourceVersionDate "2020.05.31"]
[SourceQuality "1"]
[WhiteTeam "BSG"]
[BlackTeam "Groningen Combinatie"]
[WhiteTeamCountry "NED"]
[BlackTeamCountry "NED"]

1. e4 e6 2. d4 d5 3. Nd2 Nf6 4. e5 Nfd7 5. Bd3 c5 6. c3 Nc6 7. Ne2 cxd4 8. cxd4 f6 9. exf6 Nxf6 10. 0-0 Bd6 11. Nf3 Qc7 12. Bg5 0-0 13. Bh4 a6 14. Rc1 Bd7 15. Bg3 Nh5 16. Qc2 h6 17. Qd2 Nxg3 18. hxg3 Rf6 19. Bb1 Be8 20. Rfe1 Qb6 21. Nf4 Bxf4 22. gxf4 Bh5 23. Rxc6 Qxc6 24. Ne5 Qc7 25. Qd3 g5 26. fxg5 hxg5 27. Qh3 Qa5 28. Rf1 Be8 29. Qh7+ Kf8 30. Qh8+ Ke7 31. Qg7+ Bf7 32. Ng4 1-0

[Event "NED-chT 1920"]
[Site "Netherlands"]
[Date "2019.09.28"]
[Round "1.5"]
[White "Vrolijk, Liam"]
[Black "Garrido Dominguez, Jesus"]
[Result "1/2-1/2"]
[WhiteElo "2479"]
[BlackElo "2404"]
[PlyCount "37"]
[EventDate "2019.09.28"]
[EventType "team-tourn"]
[EventRounds "9"]
[EventCountry "NED"]
[SourceTitle "CBM 193 Extra"]
[Source "ChessBase"]
[SourceDate "2020.01.31"]
[SourceVersion "1"]
[SourceVersionDate "2020.01.31"]
[SourceQuality "1"]
[WhiteTeam "Kennemer Combinatie"]
[BlackTeam "BSG"]
[WhiteTeamCountry "NED"]
[BlackTeamCountry "NED"]

1. e4 d6 2. d4 e5 3. Nf3 Nd7 4. c3 Ngf6 5. Bd3 d5 6. dxe5 dxe4 7. exf6 exf3 8. Qxf3 Qxf6 9. Qxf6 Nxf6 10. 0-0 Be6 11. Nd2 0-0-0 12. Bc4 Bd5 13. Bxd5 Nxd5 14. Nf3 f6 15. Bd2 Bd6 16. Rfd1 Bf4 17. Kf1 Bxd2 18. Rxd2 Ne7 19. Rad1 1/2-1/2

[Event "NED-chT 1819"]
[Site "Netherlands"]
[Date "2018.12.15"]
[Round "5.2"]
[White "Garrido Dominguez, Jesus"]
[Black "Van Osch, Mees"]
[Result "1/2-1/2"]
[WhiteElo "2407"]
[BlackElo "2310"]
[PlyCount "149"]
[EventDate "2018.09.15"]
[EventType "team-tourn"]
[EventRounds "9"]
[EventCountry "NED"]
[SourceTitle "CBM 189 Extra"]
[Source "ChessBase"]
[SourceDate "2019.06.03"]
[SourceVersion "1"]
[SourceVersionDate "2019.06.03"]
[SourceQuality "1"]
[WhiteTeam "BSG"]
[BlackTeam "De Stukkenjagers"]
[WhiteTeamCountry "NED"]
[BlackTeamCountry "NED"]

1. e4 c5 2. Nf3 Nc6 3. d4 cxd4 4. Nxd4 Nf6 5. Nc3 d6 6. g3 g6 7. Nde2 Bg7 8. Bg2 0-0 9. 0-0 a6 10. h3 Qc7 11. a4 b6 12. Nd5 Nxd5 13. exd5 Ne5 14. Nd4 Bb7 15. b3 Qc3 16. Be3 Rac8 17. Ra2 Nd7 18. Ne2 Qa5 19. Qe1 Qxe1 20. Rxe1 Nc5 21. Nd4 Rfe8 22. Rd1 Rc7 23. Ra3 e6 24. b4 Nd7 25. dxe6 fxe6 26. Bxb7 Rxb7 27. Nc6 d5 28. b5 axb5 29. axb5 Ne5 30. Nxe5 Bxe5 31. Ra6 Rc8 32. Bxb6 Kf7 33. Re1 Bf6 34. Re2 e5 35. Ra7 Rcb8 36. Bc7 Rxa7 37. Bxb8 Ra1+ 38. Kg2 Ke6 39. Bxe5 Bxe5 40. f4 Rb1 41. Rxe5+ Kd6 42. h4 Rxb5 43. h5 Rb2 44. Re2 d4 45. Kf3 Kd5 46. h6 Kc4 47. Re7 Rxc2 48. Rxh7 Rh2 49. Rd7 d3 50. h7 Kc3 51. Ke4 Re2+ 52. Kf3 Rh2 53. Rc7+ Kd2 54. Rc6 Rxh7 55. Rxg6 Rd7 56. Rc6 Ke1 57. Rh6 Kd1 58. f5 d2 59. Rh2 Kc1 60. Rxd2 Kxd2 61. Ke4 Re7+ 62. Kf4 Kd3 63. g4 Re4+ 64. Kg5 Kd4 65. Kf6 Rxg4 66. Ke6 Re4+ 67. Kd6 Rf4 68. Ke6 Re4+ 69. Kd6 Rh4 70. f6 Rh6 71. Ke7 Ke5 72. f7 Re6+ 73. Kd7 Rf6 74. Ke7 Rxf7+ 75. Kxf7 1/2-1/2

[Event "ESP-chT CECLUB Div2"]
[Site "Linares"]
[Date "2018.08.17"]
[Round "6.1"]
[White "Garrido Dominguez, Jesus"]
[Black "Arizmendi Martinez, Julen Luis"]
[Result "0-1"]
[WhiteElo "2404"]
[BlackElo "2507"]
[PlyCount "76"]
[EventDate "2018.08.14"]
[EventType "team-swiss"]
[EventRounds "7"]
[EventCountry "ESP"]
[SourceTitle "CBM 186 Extra"]
[Source "ChessBase"]
[SourceDate "2018.08.24"]
[SourceVersion "1"]
[SourceVersionDate "2018.08.24"]
[SourceQuality "1"]
[WhiteTeam "Villalba 64"]
[BlackTeam "Paterna Laboratorio SyS"]
[WhiteTeamCountry "ESP"]
[BlackTeamCountry "ESP"]

1. e4 e6 2. d4 d5 3. Nd2 Be7 4. Ngf3 Nf6 5. Bd3 c5 6. e5 Nfd7 7. c3 b6 8. 0-0 Ba6 9. Ne1 Qc8 10. Ndf3 h6 11. b3 Nc6 12. Nc2 Bxd3 13. Qxd3 Qb7 14. Bd2 a5 15. a4 Rc8 16. Na3 cxd4 17. cxd4 Bxa3 18. Rxa3 Ndb8 19. Raa1 0-0 20. Rfc1 Na6 21. Be3 Ncb4 22. Qd2 Kh7 23. g4 Rxc1+ 24. Rxc1 Rc8 25. Rxc8 Qxc8 26. Ne1 Nb8 27. Qe2 Qc3 28. Qd1 N8c6 29. Kg2 Ne7 30. h3 Kg8 31. Nf3 Nc2 32. Qd2 Qxb3 33. Bxh6 gxh6 34. Qxh6 Qd3 35. Qf6 Nc6 36. Qg5+ Qg6 37. Qd2 Qe4 38. Kg3 N2xd4 0-1

[Event "Tres Cantos op 10th"]
[Site "Tres Cantos"]
[Date "2018.06.29"]
[Round "9.3"]
[White "Valles Moreno, Ivan"]
[Black "Garrido Dominguez, Jesus"]
[Result "1/2-1/2"]
[WhiteElo "2424"]
[BlackElo "2402"]
[PlyCount "88"]
[EventDate "2018.06.21"]
[EventType "swiss"]
[EventRounds "9"]
[EventCountry "ESP"]
[SourceTitle "EXT 2024"]
[Source "ChessBase"]
[SourceDate "2023.10.10"]
[SourceVersion "1"]
[SourceVersionDate "2023.10.10"]
[SourceQuality "1"]

1. e4 e5 2. Nf3 Nc6 3. Bc4 Bc5 4. 0-0 Nf6 5. d3 d6 6. c3 a6 7. a4 0-0 8. h3 h6 9. Re1 Re8 10. Nbd2 Ba7 11. b4 Be6 12. Bxe6 Rxe6 13. Qc2 d5 14. Nb3 dxe4 15. dxe4 Nh5 16. Be3 Rg6 17. Kh2 Qf6 18. Ng1 Nd4 19. cxd4 exd4 20. e5 Qxe5+ 21. f4 Nxf4 22. Bxf4 Qxf4+ 23. Kh1 Rd8 24. Rad1 d3 25. Rxd3 Rxd3 26. Qxd3 Bxg1 27. Kxg1 Qxb4 28. Re8+ Kh7 29. Re4 Qb6+ 30. Kh1 Qf2 31. Rg4 f5 32. Rxg6 Kxg6 33. Nd2 Qe1+ 34. Kh2 Qe5+ 35. g3 Kf6 36. h4 g5 37. Kg2 Ke6 38. hxg5 hxg5 39. Nf3 Qe4 40. Qb3+ Kd6 41. Kf2 g4 42. Nd2 Qd4+ 43. Ke1 b5 44. axb5 Qa1+ 1/2-1/2

[Event "Tres Cantos op 10th"]
[Site "Tres Cantos"]
[Date "2018.06.26"]
[Round "6.1"]
[White "Garrido Dominguez, Jesus"]
[Black "Martin Duque, Jesus"]
[Result "0-1"]
[WhiteElo "2402"]
[BlackElo "2377"]
[PlyCount "56"]
[EventDate "2018.06.21"]
[EventType "swiss"]
[EventRounds "9"]
[EventCountry "ESP"]
[SourceTitle "EXT 2024"]
[Source "ChessBase"]
[SourceDate "2023.10.10"]
[SourceVersion "1"]
[SourceVersionDate "2023.10.10"]
[SourceQuality "1"]

1. e4 c5 2. Nf3 e6 3. c4 Nc6 4. b3 Nf6 5. e5 Ng4 6. Bb2 d6 7. exd6 f6 8. d4 cxd4 9. h3 Nh6 10. Nxd4 Nxd4 11. Qxd4 Nf5 12. Qe4 Bxd6 13. Nc3 Be5 14. h4 0-0 15. Rd1 Qa5 16. Rh3 Rb8 17. a3 b5 18. b4 Qc7 19. f4 Bxf4 20. Nxb5 Bg3+ 21. Ke2 Qf7 22. Rd3 Bb7 23. Qg4 h5 24. Qxg3 Nxg3+ 25. Rhxg3 Ra8 26. Kd2 Qe7 27. c5 Ba6 28. a4 Qb7 0-1

[Event "Tres Cantos op 10th"]
[Site "Tres Cantos"]
[Date "2018.06.24"]
[Round "4.2"]
[White "Garrido Dominguez, Jesus"]
[Black "Alvarez Serrano, Carlos"]
[Result "1-0"]
[WhiteElo "2402"]
[BlackElo "2202"]
[PlyCount "61"]
[EventDate "2018.06.21"]
[EventType "swiss"]
[EventRounds "9"]
[EventCountry "ESP"]
[SourceTitle "EXT 2024"]
[Source "ChessBase"]
[SourceDate "2023.10.10"]
[SourceVersion "1"]
[SourceVersionDate "2023.10.10"]
[SourceQuality "1"]

1. e4 c5 2. Nf3 d6 3. c3 Nf6 4. Bd3 Nc6 5. Bc2 Bg4 6. h3 Bxf3 7. Qxf3 g6 8. d3 Bg7 9. Be3 Rc8 10. 0-0 0-0 11. Qe2 e5 12. Qd2 b6 13. f4 Ne8 14. f5 Nc7 15. Qf2 d5 16. f6 Bh8 17. Nd2 d4 18. Bg5 Ne6 19. h4 Nb8 20. Bb3 Re8 21. Nf3 Nd7 22. cxd4 Nxd4 23. Nxd4 cxd4 24. h5 Nc5 25. hxg6 hxg6 26. Qh4 Nxb3 27. Rf3 Re6 28. axb3 a5 29. Raf1 Rcc6 30. Rh3 Bxf6 31. Rxf6 1-0

[Event "Madrid-chT 1718"]
[Site "Madrid"]
[Date "2018.03.10"]
[Round "13.32"]
[White "Taboas Rodriguez, Daniel"]
[Black "Garrido Dominguez, Jesus"]
[Result "0-1"]
[WhiteElo "2367"]
[BlackElo "2395"]
[PlyCount "68"]
[EventDate "2017.11.19"]
[EventType "team-tourn"]
[EventRounds "14"]
[EventCountry "ESP"]
[SourceTitle "EXT 2019"]
[Source "ChessBase"]
[SourceDate "2018.10.10"]
[SourceVersion "1"]
[SourceVersionDate "2018.10.10"]
[SourceQuality "1"]
[WhiteTeam "Blanco y Negro"]
[BlackTeam "Villalba 64"]
[WhiteTeamCountry "ESP"]
[BlackTeamCountry "ESP"]

1. d4 e6 2. c4 Nf6 3. Nf3 Bb4+ 4. Nbd2 b6 5. a3 Bxd2+ 6. Bxd2 Bb7 7. Bg5 h6 8. Bh4 d6 9. e3 Nbd7 10. Be2 g5 11. Bg3 Ne4 12. 0-0 Ndf6 13. Ne1 h5 14. f3 Nxg3 15. hxg3 g4 16. fxg4 hxg4 17. Bxg4 Ne4 18. Qf3 Qe7 19. Nd3 f5 20. Bh5+ Kd7 21. d5 Rag8 22. g4 Kc8 23. Nf4 Ng5 24. Qe2 Qh7 25. gxf5 exd5 26. cxd5 Kb8 27. e4 Qg7 28. Rae1 Qe5 29. b4 Qxf4 30. Rxf4 Nh3+ 31. Kf1 Nxf4 32. Qb2 Rxh5 33. Qc1 Ba6+ 34. Kf2 Nd3+ 0-1

[Event "Madrid-chT 1213 Honor"]
[Site "Madrid"]
[Date "2012.12.16"]
[Round "4.34"]
[White "Garrido Dominguez, Jesus"]
[Black "Martinez Lozano, Miguel Angel"]
[Result "1-0"]
[WhiteElo "2400"]
[BlackElo "2230"]
[PlyCount "59"]
[EventDate "2012.11.18"]
[EventType "team"]
[EventRounds "14"]
[EventCountry "ESP"]
[SourceTitle "EXT 2014"]
[Source "ChessBase"]
[SourceDate "2013.11.20"]
[SourceVersion "1"]
[SourceVersionDate "2013.11.20"]
[SourceQuality "1"]
[WhiteTeam "Collado Villalba"]
[BlackTeam "Blanco y Negro"]
[WhiteTeamCountry "ESP"]
[BlackTeamCountry "ESP"]

1. e4 c5 2. Nf3 d6 3. d4 cxd4 4. Nxd4 Nf6 5. Nc3 a6 6. h3 e5 7. Nde2 Be6 8. g4 Nbd7 9. Bg2 Nb6 10. 0-0 d5 11. exd5 Nfxd5 12. Ne4 Be7 13. b3 0-0 14. a3 Qc7 15. c4 Nf6 16. N4g3 Rfd8 17. Qc2 Nfd7 18. Nc3 Nc5 19. Be3 Nd3 20. Be4 Nf4 21. Bxh7+ Kh8 22. Be4 Nxh3+ 23. Kg2 Nf4+ 24. Bxf4 exf4 25. Rh1+ Kg8 26. Bd5 Bf6 27. Qh7+ Kf8 28. Nf5 Bxf5 29. Qxf5 Kg8 30. Rae1 1-0

[Event "ESP-ch 77th"]
[Site "San Agustin"]
[Date "2012.10.04"]
[Round "6"]
[White "Garrido Dominguez, Jesus"]
[Black "Suarez Garcia, Carlos"]
[Result "1-0"]
[WhiteElo "2396"]
[BlackElo "2274"]
[PlyCount "91"]
[EventDate "2012.09.29"]
[EventType "swiss"]
[EventRounds "9"]
[EventCountry "ESP"]
[SourceTitle "CBM 150 Extra"]
[Source "ChessBase"]
[SourceDate "2012.10.19"]
[SourceVersion "1"]
[SourceVersionDate "2012.10.19"]
[SourceQuality "1"]

1. e4 d6 2. d4 Nf6 3. Nc3 g6 4. g3 Bg7 5. Bg2 0-0 6. Nge2 e5 7. 0-0 a6 8. dxe5 dxe5 9. Bg5 Qxd1 10. Rfxd1 Nc6 11. h3 h6 12. Be3 Kh7 13. Rd2 Be6 14. Nd5 Rac8 15. c3 Rfe8 16. c4 Ne7 17. Bc5 Neg8 18. Bb4 Nd7 19. Rad1 c6 20. Ne3 Nb6 21. b3 f6 22. f4 Bf8 23. Bxf8 Rxf8 24. f5 gxf5 25. exf5 Bf7 26. c5 Na8 27. Rd7 b6 28. Nc4 bxc5 29. Nd6 Rc7 30. Ne4 Kh8 31. Nxc5 Bd5 32. Bxd5 cxd5 33. R1xd5 Ne7 34. Rxc7 Nxd5 35. Rc6 Ne7 36. Rxa6 Nxf5 37. Nd7 Rd8 38. Nxf6 Nc7 39. Ra7 Rd6 40. Rxc7 Rxf6 41. Rc3 e4 42. g4 Nh4 43. Re3 Nf3+ 44. Kg2 Ne1+ 45. Kg3 Kh7 46. Nf4 1-0